=LDR 00000nam 2200000 4500 =001 INLIS000000000034397 =005 20200511080839 =035 ##$$a 0010-061300000034397 =008 200511################g##########0#ind## =041 ##$$a ind =082 ##$$a 2x4.1 =090 ##$$a 2x4.1, Abd r =100 1#$$a Abdullah, Adil Fathi =245 1#$$a Populer tapi keliru : $b Hal hal yang Sering Terjadi dalam Ibadah Kita..... /$c Adil Fathi Abdullah; Penerjemah, Nur Alamsyah =260 ##$$a Jakarta :$b Mirqat,$c 2007 =300 ##$$a viii,145 hlm. ; $c 14 x 21 cm =650 #4$$a Ibadah- Islam =850 ##$$a NBPNMAT =020 ##$$a 979-1231-21-3 =084 ##$$a 2x4.1 Abd p =250 ##$$a cet.1 =990 ##$$a 0001/BPAP-NTB/20142014 =990 ##$$a 2090100883/BPAP-NTB/2015 =990 ##$$a 00092426